| 000 | 00943nam a2200373 4500 | ||
|---|---|---|---|
| 005 | 20230224194231.0 | ||
| 008 | 230224b2022 |||||||| |||| 00| 0 spa d | ||
| 020 | _a9782409034725 | ||
| 041 | _aESP | ||
| 082 | _a005.52 W924wo | ||
| 245 | _aWord Microsoft 365: funciones básicas | ||
| 260 | _aEspaña | ||
| 260 | _bEdiciones ENI | ||
| 260 | _c2022 | ||
| 300 | _a252 páginas | ||
| 650 |
_aPROCESADORES ELECTRÓNICOS DE TEXTO _969009 |
||
| 650 |
_aOFIMÁTICA _969010 |
||
| 650 |
_aWORD _969011 |
||
| 650 |
_aGESTIÓN DE DOCUMENTOS _969012 |
||
| 650 |
_aMODIFICACIÓN DE DATOS _969013 |
||
| 650 |
_aIMPRESIÓN DE PÁGINAS _969014 |
||
| 650 |
_aTABLAS _969015 |
||
| 650 |
_aOBJETOS _969016 |
||
| 650 |
_aGRÁFICOS _969017 |
||
| 692 | _CDAE | ||
| 692 | _CEL | ||
| 692 | _CIC | ||
| 692 | _CMD | ||
| 692 | _CSE | ||
| 692 | _CTI | ||
| 692 | _CTU | ||
| 942 |
_2ddc _cBK |
||
| 999 |
_c13472 _d13472 |
||